[Event "exe Slovakia Open 2025"]
[Site "Bratislava SVK"]
[Date "2025.09.18"]
[Round "6.33"]
[White "Galla, Richard"]
[Black "Shlaen, Rem"]
[Result "1/2-1/2"]
[WhiteElo "2035"]
[BlackElo "1995"]
[WhiteFideId "14948672"]
[BlackFideId "2812932"]
[EventDate "2025.09.13"]

1. d4 Nf6 2. c4 e6 3. g3 c5 4. d5 exd5 5. cxd5 d6 6. Nc3 g6 7. Nf3 Bg7 8. Bg2
O-O 9. O-O Re8 10. h3 a6 11. a4 Ne4 12. Nxe4 Rxe4 13. Nd2 Rb4 14. Qc2 Nd7 15.
Re1 Rb8 16. Ne4 Ne5 17. b3 Rxe4 18. Bxe4 Nf3+ 19. Bxf3 Bxa1 20. h4 h5 21. Bf4
Bg7 22. e4 b5 23. axb5 Rxb5 24. Be2 Rb8 25. Bc4 Qc7 26. Qd3 Bd4 27. Re2 a5 28.
Ra2 Bd7 29. Bd2 Ra8 30. Bb5 Bxb5 31. Qxb5 Qe7 32. Qd3 Re8 33. Bf4 Qxe4 34. Qxe4
Rxe4 35. Bxd6 Re1+ 36. Kg2 Rb1 37. Bc7 Kf8 38. Re2 Bf6 39. d6 Rd1 40. Rc2 Rd5
41. Bb6 Bd4 42. d7 1/2-1/2

[Event "exe Slovakia Open 2025"]
[Site "Bratislava SVK"]
[Date "2025.09.18"]
[Round "6.34"]
[White "Herka, Jakub"]
[Black "Osvald, David"]
[Result "1-0"]
[WhiteElo "1992"]
[BlackElo "1815"]
[WhiteFideId "21023743"]
[BlackFideId "14974398"]
[EventDate "2025.09.13"]

1. d4 Nf6 2. c4 e6 3. g3 d5 4. Bg2 Be7 5. Nf3 O-O 6. O-O dxc4 7. Qc2 a6 8. a4
Bd7 9. Qxc4 Bc6 10. Bg5 a5 11. Nc3 Ra6 12. e3 Rb6 13. Qe2 Nbd7 14. Rfc1 h6 15.
Bxf6 Nxf6 16. Ne5 Bxg2 17. Kxg2 c6 18. Rc2 Nd5 19. Nxd5 exd5 20. Nd3 g6 21. Rc3
Kg7 22. Qc2 Bb4 23. Rb3 Qe7 24. Rc1 Qe4+ 25. Kg1 h5 26. Ne5 Qxc2 27. Rxc2 Rd8
28. Kf1 f6 29. Nd3 h4 30. Ke2 Ra8 31. Rc1 hxg3 32. hxg3 Rh8 33. Kf3 Kf7 34. e4
g5 35. exd5 cxd5 36. Nxb4 Rh2 37. Rc5 axb4 38. Rxd5 Ke6 39. Rc5 f5 40. a5 Rd6
41. Rxb4 g4+ 42. Ke2 Rh1 43. d5+ Rxd5 44. Rxd5 Kxd5 45. Rxb7 Ra1 46. b4 Ra4 47.
Rb6 Ke4 48. Re6+ Kd5 49. Re3 Rxb4 50. Ra3 Kd4 51. a6 Rb2+ 52. Kf1 Rb1+ 53. Kg2
Rb8 54. a7 Ra8 55. Kf1 Ke5 56. Ke2 Ke4 57. Ra4+ Kd5 58. Ke3 Ke5 59. Ra5+ Ke6 60.
Kf4 Kf6 61. Ra6+ 1-0

[Event "exe Slovakia Open 2025"]
[Site "Bratislava SVK"]
[Date "2025.09.18"]
[Round "6.35"]
[White "Kapinaj, Matus"]
[Black "Malaschitz, Teodor"]
[Result "1-0"]
[WhiteElo "2023"]
[BlackElo "1899"]
[WhiteFideId "14980703"]
[BlackFideId "73621153"]
[EventDate "2025.09.13"]

1. e4 e6 2. d4 d5 3. exd5 exd5 4. Bd3 Bd6 5. Nf3 Nf6 6. Qe2+ Be6 7. Ng5 Qe7 8.
Nxe6 Qxe6 9. Qxe6+ fxe6 10. O-O c5 11. Re1 Kf7 12. Nc3 a6 13. dxc5 Bxc5 14. Na4
Ba7 15. c4 Nc6 16. cxd5 exd5 17. Nc3 h6 18. Bf4 Nb4 19. Bf5 Rhe8 20. a3 Nc6 21.
Bc2 Rxe1+ 22. Rxe1 Nd4 23. Bd1 Re8 24. Rxe8 Kxe8 25. Be5 Nb5 26. Ba4 Ke7 27.
Bxf6+ gxf6 28. Bxb5 axb5 29. Nxd5+ Ke6 30. Nc7+ Ke5 31. Nxb5 Bb6 32. Kf1 Kd5 33.
Ke2 Bd8 34. Kd3 f5 35. Nc3+ Kc5 36. b4+ Kc6 37. Kc4 Bf6 38. a4 Be5 39. Nd5 Bxh2
40. Ne7+ Kc7 41. Nxf5 h5 42. Kd5 Bg1 43. f4 Bf2 44. Ng7 h4 45. Ne6+ Kb6 46. Nc5
Be1 47. Nd3 Bc3 48. f5 Kc7 49. Ke6 Kd8 50. f6 Ke8 51. b5 b6 52. Ne5 1-0

[Event "exe Slovakia Open 2025"]
[Site "Bratislava SVK"]
[Date "2025.09.18"]
[Round "6.36"]
[White "Levytskyi, Liubomyr"]
[Black "Hitka, Dominik"]
[Result "1-0"]
[WhiteElo "1854"]
[BlackElo "2008"]
[WhiteFideId "34132155"]
[BlackFideId "14981106"]
[EventDate "2025.09.13"]

1. e4 c6 2. d4 d5 3. e5 c5 4. Nf3 Nc6 5. dxc5 Bg4 6. c3 e6 7. Be3 Nge7 8. Bb5 a6
9. Ba4 Qc7 10. Bd4 Ng6 11. Nbd2 Be7 12. h3 Bxf3 13. Nxf3 O-O 14. Bxc6 Qxc6 15.
b4 a5 16. O-O axb4 17. cxb4 Ra4 18. Qb3 Qb5 19. Bc3 Rfa8 20. Nd4 Qa6 21. b5 Qa7
22. c6 Bc5 23. cxb7 Qxb7 24. Nc6 Ra3 25. Qb2 Qb6 26. Bb4 Bxb4 27. Qxb4 Rxa2 28.
Rxa2 Rxa2 29. Qd6 Qb7 30. Qd8+ 1-0

[Event "exe Slovakia Open 2025"]
[Site "Bratislava SVK"]
[Date "2025.09.18"]
[Round "6.37"]
[White "Mikulas, Dusan"]
[Black "Staub, Tom"]
[Result "1-0"]
[WhiteTitle "FM"]
[WhiteElo "2003"]
[BlackElo "1772"]
[WhiteFideId "14900521"]
[BlackFideId "34674713"]
[EventDate "2025.09.13"]

1. e4 c5 2. Nf3 e6 3. d4 cxd4 4. Nxd4 Nf6 5. Bd3 Nc6 6. Nxc6 bxc6 7. O-O d5 8.
e5 Nd7 9. f4 a5 10. Qg4 h5 11. Qf3 Nc5 12. Be3 Nxd3 13. cxd3 Rb8 14. Qf2 h4 15.
h3 Be7 16. d4 O-O 17. Nc3 f6 18. exf6 Bxf6 19. Na4 Be7 20. Rfc1 Bd7 21. Nc5 Bd6
22. Qd2 Rb5 23. a4 Rb4 24. Nd3 Rb7 25. Rc2 Be8 26. Rac1 Qb6 27. Qf2 Bg6 28. Rxc6
Bxd3 29. Rxb6 Rxb6 30. Qxh4 Rxb2 31. Rc6 Bb8 32. Rxe6 Be4 33. Rxe4 dxe4 34. d5
Re2 35. Bc5 Re8 36. Qh5 Rc8 37. Qxe2 Rxc5 38. Qxe4 Ba7 39. Qe6+ Kh7 40. Qe4+ Kh8
41. Kh2 Rc8 42. d6 1-0

[Event "exe Slovakia Open 2025"]
[Site "Bratislava SVK"]
[Date "2025.09.18"]
[Round "6.38"]
[White "Gouterney, Anton"]
[Black "Fudala, Dominik"]
[Result "0-1"]
[WhiteElo "2000"]
[BlackElo "1829"]
[WhiteFideId "34675418"]
[BlackFideId "1189298"]
[EventDate "2025.09.13"]

1. d4 d5 2. c4 c6 3. Nc3 Nf6 4. Nf3 dxc4 5. e4 b5 6. Be2 e6 7. O-O Be7 8. a4 b4
9. e5 Nd5 10. Ne4 a5 11. Bxc4 O-O 12. Bg5 Ba6 13. Bxe7 Qxe7 14. Bxa6 Rxa6 15.
Nd6 Qa7 16. Rc1 Nd7 17. Ng5 h6 18. Nge4 Rb6 19. Nc5 Nxc5 20. Rxc5 b3 21. Nc4 Rb4
22. Rxa5 Qb7 23. Rc5 Qa6 24. Na5 Rxa4 25. Nxc6 Rc8 26. Qc1 Qb6 27. Rd1 Ra6 28.
Ne7+ Nxe7 29. Rxc8+ Nxc8 30. Qxc8+ Kh7 31. Qc5 Qb7 32. Rc1 Ra4 33. h3 Qe4 34.
Qc3 Rxd4 35. Qxb3 Qxe5 36. Qc2+ g6 37. Qc7 Rd1+ 0-1

[Event "exe Slovakia Open 2025"]
[Site "Bratislava SVK"]
[Date "2025.09.18"]
[Round "6.39"]
[White "Kebbedies, Frank"]
[Black "Hasala, Richard"]
[Result "0-1"]
[WhiteElo "1823"]
[BlackElo "1996"]
[WhiteFideId "24606944"]
[BlackFideId "14969157"]
[EventDate "2025.09.13"]

1. d4 Nf6 2. c4 e6 3. Nc3 Bb4 4. Qc2 d5 5. a3 Be7 6. cxd5 exd5 7. Bg5 O-O 8. e3
c6 9. Bd3 h6 10. Bh4 Nbd7 11. Nf3 Re8 12. O-O Ne4 13. Bxe7 Qxe7 14. b4 Ndf6 15.
Bxe4 Nxe4 16. b5 Bf5 17. Rfc1 Rec8 18. Qb3 Nd6 19. bxc6 bxc6 20. Qb4 Rab8 21.
Qa4 Nc4 22. Nd1 Rb5 23. Ne5 Nxe5 24. dxe5 Rb6 25. Qf4 Qe6 26. Qd4 Re8 27. f4 f6
28. exf6 gxf6 29. h3 h5 30. Ra2 Kh7 31. Kh2 h4 32. Rb2 Rg8 33. Rxb6 axb6 34. Nf2
c5 35. Qd2 Rg3 36. Re1 Be4 37. Nxe4 Qxe4 38. Qe2 Kg6 39. Qf2 b5 40. Qd2 b4 41.
axb4 cxb4 42. f5+ Qxf5 43. Qxb4 Qf2 44. Qb1+ Kh6 0-1

[Event "exe Slovakia Open 2025"]
[Site "Bratislava SVK"]
[Date "2025.09.18"]
[Round "6.40"]
[White "Albu, Vlad"]
[Black "Iankin, Arseni"]
[Result "1/2-1/2"]
[WhiteElo "1815"]
[BlackElo "1976"]
[WhiteFideId "13909622"]
[BlackFideId "24224073"]
[EventDate "2025.09.13"]

1. e4 e6 2. d4 d5 3. Nd2 c5 4. exd5 Qxd5 5. dxc5 Nf6 6. Ngf3 Bxc5 7. Bc4 Qd8 8.
O-O O-O 9. b3 b6 10. Bb2 Bb7 11. Qe2 Nbd7 12. Rad1 Qc7 13. Ba6 Rfd8 14. Bxb7
Qxb7 15. Ne5 Nxe5 16. Qxe5 Bd6 17. Qg5 h6 18. Qh4 Be7 19. Qg3 Rac8 20. Nc4 Nh5
21. Qe5 Rc5 22. Qe3 Rcd5 23. Qf3 Nf6 24. Ne5 Qc7 25. Rxd5 Rxd5 26. Nc4 b5 27.
Ne3 Rd2 28. Bc1 Rd8 29. Bb2 Rd2 30. Bc1 Rd8 1/2-1/2

[Event "exe Slovakia Open 2025"]
[Site "Bratislava SVK"]
[Date "2025.09.18"]
[Round "6.41"]
[White "Jursa, Juraj"]
[Black "Bury, Rastislav"]
[Result "0-1"]
[WhiteElo "1756"]
[BlackElo "2096"]
[WhiteFideId "73619256"]
[BlackFideId "14907585"]
[EventDate "2025.09.13"]

1. e4 c5 2. Nf3 d6 3. d4 cxd4 4. Nxd4 Nf6 5. Nc3 a6 6. Be3 e5 7. Nb3 Be6 8. f3
Be7 9. Qd2 Nbd7 10. g4 b5 11. g5 b4 12. Na4 Nh5 13. O-O-O O-O 14. Rg1 a5 15. Kb1
Qc7 16. Nc1 Qc6 17. b3 Rfc8 18. Nd3 Rab8 19. Bg2 Qb5 20. h4 Rc7 21. f4 exf4 22.
Nxf4 Nxf4 23. Bxf4 Ne5 24. Bf1 Qc6 25. Bxe5 dxe5 26. Bd3 Rd8 27. Qh2 Bd6 28. h5
Rcd7 29. Qf2 Be7 30. Rdf1 Bh3 31. Re1 Be6 32. g6 fxg6 33. hxg6 h6 34. Qe2 Qc7
35. Nb2 Bc5 36. Rg3 Bd4 37. Nc4 Bc3 38. Rf1 Ra8 39. Qg2 a4 40. Rgf3 Rdd8 41. Rh1
Rf8 42. Rh5 Rxf3 43. Qxf3 Rf8 44. Qe2 Qc5 45. Rh1 Rf2 46. Qh5 Rg2 47. Rf1 Rg5
48. Qh4 Rxg6 49. Qd8+ Kh7 50. Qe8 Rf6 51. Rd1 axb3 52. cxb3 Bxc4 53. Bxc4 Rf8
54. Qh5 Rf2 55. Qh3 Qa7 56. a4 bxa3 57. b4 a2+ 0-1

[Event "exe Slovakia Open 2025"]
[Site "Bratislava SVK"]
[Date "2025.09.18"]
[Round "6.42"]
[White "Kucera, Michal"]
[Black "Sichnenko, Grigorij"]
[Result "1/2-1/2"]
[WhiteElo "1900"]
[BlackElo "2047"]
[WhiteFideId "14910519"]
[BlackFideId "14972557"]
[EventDate "2025.09.13"]

1. e4 c5 2. Nf3 e6 3. d4 cxd4 4. Nxd4 a6 5. Nc3 Qc7 6. Bd3 Nc6 7. Nxc6 dxc6 8.
O-O e5 9. Kh1 Nf6 10. f4 Bc5 11. Qe2 Ng4 12. f5 h5 13. Bg5 b5 14. Nd1 Bd7 15. c3
f6 16. Bd2 O-O-O 17. b4 Ba7 18. a4 Qb7 19. c4 Bd4 20. Ra2 Kb8 21. axb5 cxb5 22.
Ne3 Nxe3 23. Bxe3 Bc6 24. cxb5 axb5 25. Ra5 Bxe3 26. Qxe3 Rd4 27. Qe2 Rxb4 28.
Rfa1 Rd8 29. h3 Rdd4 30. Qc2 Ra4 31. R5xa4 Rxa4 32. Rc1 Bxe4 33. Bxe4 Rxe4 34.
Qc5 Rd4 35. Qf8+ Ka7 36. Qc5+ Ka6 37. Qa3+ Kb6 38. Qc5+ Ka5 39. Qa3+ Ra4 40. Qb3
e4 41. Qc3+ Ka6 42. Qc5 Qd7 43. Qf8 e3 44. Qa8+ Kb6 45. Qb8+ Qb7 46. Qd6+ Ka5
47. Qd8+ Qb6 48. Qa8+ Kb4 49. Qe4+ Ka5 50. Qa8+ Qa6 51. Qd8+ Kb4 52. Qd4+ Ka5
53. Qd8+ 1/2-1/2

[Event "exe Slovakia Open 2025"]
[Site "Bratislava SVK"]
[Date "2025.09.18"]
[Round "6.43"]
[White "Slaba, Andrea"]
[Black "Benci, Rudolf"]
[Result "1-0"]
[WhiteElo "2021"]
[BlackElo "1787"]
[WhiteFideId "14940680"]
[BlackFideId "14963191"]
[EventDate "2025.09.13"]

1. d4 d5 2. c4 c6 3. Nf3 Nf6 4. Nc3 e6 5. e3 Nbd7 6. Qc2 Be7 7. Be2 dxc4 8. Bxc4
b5 9. Be2 Bb7 10. O-O a6 11. e4 c5 12. e5 Nd5 13. Nxd5 Bxd5 14. dxc5 Bxc5 15.
Bf4 Rc8 16. Qd2 Nb6 17. b3 h6 18. Be3 Nd7 19. Rac1 Qb6 20. Bxc5 Rxc5 21. Rxc5
Nxc5 22. Rc1 O-O 23. Qd4 Nd7 24. Qxb6 Nxb6 25. Nd4 Rc8 26. Rxc8+ Nxc8 27. f4 Ne7
28. Kf2 Bb7 29. b4 Nc6 30. Nxc6 Bxc6 31. Bf3 Bxf3 32. Kxf3 Kf8 33. Ke4 Ke8 34.
Kd4 Kd7 35. Kc5 Kc7 36. g4 f6 37. exf6 gxf6 38. h4 Kd7 39. a3 Ke7 40. Kc6 e5 41.
fxe5 fxe5 42. Kd5 Kf6 43. Ke4 Ke6 44. g5 h5 45. g6 Kf6 46. g7 Kxg7 47. Kxe5 Kg6
48. Ke6 Kg7 49. Kf5 Kf7 50. Kg5 Ke6 51. Kxh5 Kf5 52. Kh6 Kf6 53. h5 Kf7 54. Kg5
Kg7 55. Kf5 Kh6 56. Ke6 1-0

[Event "exe Slovakia Open 2025"]
[Site "Bratislava SVK"]
[Date "2025.09.18"]
[Round "6.44"]
[White "Guba, Peter"]
[Black "Maciejewski, Kamil"]
[Result "0-1"]
[WhiteElo "1852"]
[BlackElo "2018"]
[WhiteFideId "14970511"]
[BlackFideId "21805768"]
[EventDate "2025.09.13"]

1. Nf3 Nf6 2. c4 c5 3. Nc3 d5 4. cxd5 Nxd5 5. d3 Nc6 6. e4 Nc7 7. Be2 e5 8. O-O
Be7 9. h3 O-O 10. Be3 Ne6 11. Nd5 Bd6 12. Rc1 b6 13. a3 Ncd4 14. Bxd4 Nxd4 15.
Nxd4 exd4 16. f4 Be6 17. Qb3 Bc7 18. f5 Bxd5 19. Qxd5 Qg5 20. f6 Qe3+ 21. Kh1
Qg3 22. Kg1 Qh2+ 23. Kf2 Bg3+ 24. Kf3 Bf4 25. Kf2 Bxc1 26. fxg7 Be3+ 27. Ke1
Qg3+ 28. Kd1 Qxg7 29. Bg4 Rad8 30. Qb7 Rd6 31. Qe7 Rg6 32. Qd7 h5 33. Bxh5 Rxg2
34. Bg4 Rd2+ 35. Ke1 Qg5 36. Qf5 Qh4+ 37. Rf2 Qxf2+ 38. Qxf2 Rxf2 0-1

[Event "exe Slovakia Open 2025"]
[Site "Bratislava SVK"]
[Date "2025.09.18"]
[Round "6.45"]
[White "Donauer Daniel"]
[Black "Labrovic, Jakov"]
[Result "0-1"]
[WhiteElo "1812"]
[BlackElo "2001"]
[WhiteFideId "1365754"]
[BlackFideId "14549786"]
[EventDate "2025.09.13"]

1. c4 e5 2. Nc3 Nf6 3. g3 Bc5 4. Bg2 a5 5. e3 Nc6 6. Nge2 d6 7. O-O O-O 8. h3
Bf5 9. d4 Bb6 10. a3 Re8 11. d5 Nb8 12. g4 Bd7 13. Ng3 Na6 14. e4 Rf8 15. Rb1
Bd4 16. Nb5 Bc5 17. Nf5 Qe8 18. g5 Bxf5 19. exf5 Nd7 20. Be4 f6 21. h4 g6 22.
Qg4 Qf7 23. fxg6 hxg6 24. Bxg6 Qxg6 25. Qxd7 Qxb1 26. Kh2 Qh7 27. Qe6+ Qf7 28.
Qg4 f5 0-1

[Event "exe Slovakia Open 2025"]
[Site "Bratislava SVK"]
[Date "2025.09.18"]
[Round "6.46"]
[White "Kopia, Julian"]
[Black "Haasova, Timea"]
[Result "1/2-1/2"]
[WhiteElo "1800"]
[BlackElo "2002"]
[WhiteFideId "41806417"]
[BlackFideId "14960109"]
[EventDate "2025.09.13"]

1. e4 c5 2. Nf3 e6 3. d4 cxd4 4. Nxd4 Nf6 5. Nc3 Nc6 6. Ndb5 Bb4 7. a3 Bxc3+ 8.
Nxc3 d5 9. exd5 exd5 10. Bd3 O-O 11. O-O Bg4 12. f3 Be6 13. Kh1 h6 14. Ne2 Ne5
15. Nd4 Bd7 16. Re1 Re8 17. Bf4 Nc4 18. b3 Nh5 19. Rxe8+ Bxe8 20. Bc1 Ne5 21.
Bb2 Nf4 22. Ne2 Nexd3 23. cxd3 Ne6 24. Nd4 Qf6 25. Qd2 Nxd4 26. Qf2 Bb5 27. Bxd4
Qa6 28. Bb2 Bxd3 29. Qd4 Qg6 30. Qxd5 Re8 31. Rg1 Re2 32. Bc3 Rc2 33. Be5 Bf1
34. Bg3 Ba6 35. b4 Rc3 36. b5 Rd3 37. Qc4 Rxa3 38. bxa6 bxa6 39. Qc8+ Kh7 40.
Qb7 Ra5 41. Bf2 Rh5 42. g3 Qe6 43. Qe4+ Qxe4 44. fxe4 Re5 45. Re1 a5 46. Bd4 Re6
47. Bxa7 a4 48. Bd4 a3 49. Ba1 Rb6 50. Kg2 Rb3 51. Kf2 Rb4 52. Kf3 Rc4 53. Re2
Rb4 54. Re3 Ra4 55. e5 Kg6 56. Re4 Ra7 57. h4 Kf5 58. e6 fxe6 59. Re5+ Kg6 60.
Rxe6+ Kf7 61. Re3 Ra6 62. Rb3 Ra7 63. Ke2 Ke6 64. Kd2 Kf5 65. Rb4 a2 66. g4+ Ke6
67. Kc2 Kd5 68. Kb3 Ra6 69. h5 Ra7 70. Rd4+ Ke6 71. Re4+ Kf7 72. Rf4+ Ke6 73.
Re4+ Kf7 74. g5 hxg5 75. Re5 Kg8 76. Rxg5 Kh7 77. Rg6 Ra5 78. Rxg7+ Kh6 79. Rg2
Kxh5 80. Rxa2 Rxa2 81. Kxa2 1/2-1/2

[Event "exe Slovakia Open 2025"]
[Site "Bratislava SVK"]
[Date "2025.09.18"]
[Round "6.47"]
[White "Eichler, Alexander"]
[Black "Livnansky, Tomas"]
[Result "1-0"]
[WhiteElo "1976"]
[BlackElo "1874"]
[WhiteFideId "12935921"]
[BlackFideId "14967634"]
[EventDate "2025.09.13"]

1. d4 Nf6 2. c3 e6 3. c4 d6 4. Nc3 d5 5. Bg5 c6 6. e3 Qa5 7. Bxf6 gxf6 8. cxd5
cxd5 9. Bd3 Nc6 10. Ne2 e5 11. O-O Be6 12. a3 Bg7 13. b4 Qc7 14. Rc1 Qe7 15. Bb1
O-O 16. dxe5 fxe5 17. Nxd5 Bxd5 18. Qxd5 Rad8 19. Qb3 Rd6 20. Ng3 Kh8 21. Nf5
Qd7 22. Nxd6 Qxd6 23. Rfd1 Qh6 24. Rd7 Rg8 25. Qxf7 e4 26. Rxb7 Ne5 27. Qc7 Nf3+
28. Kf1 Nxh2+ 29. Ke1 Nf3+ 30. gxf3 Qh1+ 31. Kd2 Qxf3 32. Rf1 Qf5 33. Rb8 Qd5+
34. Ke1 h6 35. Rxg8+ Kxg8 36. Rg1 1-0

[Event "exe Slovakia Open 2025"]
[Site "Bratislava SVK"]
[Date "2025.09.18"]
[Round "6.48"]
[White "Havalda, Samuel"]
[Black "Srnak, Martin"]
[Result "0-1"]
[WhiteElo "1963"]
[BlackElo "1671"]
[WhiteFideId "14955490"]
[BlackFideId "14973308"]
[EventDate "2025.09.13"]

1. e4 e6 2. d4 d5 3. Nc3 dxe4 4. Nxe4 Nd7 5. Nf3 Ngf6 6. Nxf6+ Nxf6 7. Bd3 Be7
8. Qe2 c5 9. Bb5+ Bd7 10. dxc5 Qa5+ 11. Bd2 Qxb5 12. Qxb5 Bxb5 13. b4 Bc6 14.
Nd4 Ne4 15. Be3 Bf6 16. O-O-O Nc3 17. Nxc6 bxc6 18. Rd6 Nxa2+ 0-1

[Event "exe Slovakia Open 2025"]
[Site "Bratislava SVK"]
[Date "2025.09.18"]
[Round "6.49"]
[White "Chmurny, Richard"]
[Black "Benci, Jozef"]
[Result "1/2-1/2"]
[WhiteElo "1689"]
[BlackElo "1960"]
[WhiteFideId "14989581"]
[BlackFideId "14967596"]
[EventDate "2025.09.13"]

1. d4 Nf6 2. Bf4 c6 3. Nf3 Qb6 4. Qc1 Nh5 5. Bd2 d5 6. e3 g6 7. c4 Bd7 8. Nc3
Nf6 9. Ne5 Bg7 10. Bd3 O-O 11. c5 Qc7 12. O-O Be6 13. Qc2 Nfd7 14. f4 Nxe5 15.
fxe5 Nd7 16. b4 f6 17. exf6 exf6 18. Be1 f5 19. Bg3 Qc8 20. a4 Re8 21. Bf4 Bf7
22. b5 Nf6 23. Rfe1 Re6 24. h3 Nh5 25. Bd6 Qe8 26. Qf2 Qd7 27. Nxd5 Ree8 28. Qf4
Nf6 29. Be5 h6 30. Kf2 1/2-1/2

[Event "exe Slovakia Open 2025"]
[Site "Bratislava SVK"]
[Date "2025.09.18"]
[Round "6.50"]
[White "Shravan R"]
[Black "Sipka, Mladen"]
[Result "1/2-1/2"]
[WhiteElo "1547"]
[BlackElo "1954"]
[WhiteFideId "46624570"]
[BlackFideId "911976"]
[EventDate "2025.09.13"]

1. e4 e5 2. Nf3 Nc6 3. Bb5 a6 4. Ba4 Nf6 5. d3 d6 6. h3 Be7 7. O-O b5 8. Bb3 Na5
9. Nbd2 O-O 10. c3 Nxb3 11. axb3 a5 12. d4 Nd7 13. b4 c6 14. Nb3 a4 15. Nbd2 Qc7
16. c4 exd4 17. Nxd4 Bf6 18. N2f3 bxc4 19. Rxa4 Bb7 20. Rxa8 Rxa8 21. Bf4 c5 22.
Nf5 Bxb2 23. Bxd6 Qb6 24. Ne7+ Kh8 25. Ng5 g6 26. Qd2 Bf6 27. bxc5 Qb2 28. Qxb2
Bxb2 29. c6 Bxc6 30. Nxc6 Ra6 31. Nxf7+ Kg7 32. Nfd8 c3 33. e5 c2 34. Nb4 Rxd6
35. exd6 1/2-1/2

[Event "exe Slovakia Open 2025"]
[Site "Bratislava SVK"]
[Date "2025.09.18"]
[Round "6.51"]
[White "Livnansky, Michal"]
[Black "Thornley, Oliver"]
[Result "1-0"]
[WhiteElo "1912"]
[BlackElo "1731"]
[WhiteFideId "73622885"]
[BlackFideId "445916"]
[EventDate "2025.09.13"]

1. b3 f5 2. Bb2 e6 3. Nf3 Nf6 4. d4 d5 5. c4 c6 6. e3 Bd6 7. Be2 O-O 8. O-O Ne4
9. Nc3 Nd7 10. Rc1 g5 11. Nd2 Ndf6 12. Ndxe4 fxe4 13. f3 Qc7 14. h3 Nh5 15. f4
Ng3 16. Rf2 gxf4 17. cxd5 Qg7 18. dxc6 f3 19. cxb7 Bxb7 20. Bc4 Rae8 21. Nb5 Bb8
22. Ba3 Nf5 23. Bxf8 Qg3 24. Bd6 Nxd6 25. Nxd6 Bxd6 26. Kf1 Rf8 27. Bxe6+ Kh8
28. gxf3 exf3 29. d5 Ba6+ 30. Rc4 Rg8 31. Qxf3 Qg1+ 32. Ke2 Bxc4+ 33. bxc4 Be5
34. Qf8 1-0

[Event "exe Slovakia Open 2025"]
[Site "Bratislava SVK"]
[Date "2025.09.18"]
[Round "6.52"]
[White "Bartolome Martin, Angel"]
[Black "Zhanybekov, Alisher"]
[Result "1-0"]
[WhiteElo "1919"]
[BlackElo "1630"]
[WhiteFideId "24527823"]
[BlackFideId "447013397"]
[EventDate "2025.09.13"]

1. d4 Nf6 2. Nf3 c5 3. d5 b5 4. c4 g6 5. cxb5 a6 6. b6 d6 7. Nc3 Bf5 8. e4 Bg4
9. Qa4+ Nbd7 10. Nd2 g5 11. Nc4 h6 12. e5 Nh7 13. h3 Bf5 14. g4 e6 15. gxf5 exf5
16. e6 fxe6 17. dxe6 Qe7 18. Qxd7+ 1-0

[Event "exe Slovakia Open 2025"]
[Site "Bratislava SVK"]
[Date "2025.09.18"]
[Round "6.53"]
[White "Reichel, Lukasz"]
[Black "Buday, Alexander"]
[Result "1-0"]
[WhiteElo "1905"]
[BlackElo "1595"]
[WhiteFideId "1135961"]
[BlackFideId "14971666"]
[EventDate "2025.09.13"]

1. e4 c5 2. Nf3 d6 3. d4 cxd4 4. Nxd4 Nf6 5. Nc3 a6 6. f3 e5 7. Nb3 Be6 8. Be3
Be7 9. Qd2 O-O 10. O-O-O Nbd7 11. g4 b5 12. g5 b4 13. Nd5 Ne8 14. Rg1 a5 15. Kb1
Nc5 16. Nxc5 dxc5 17. Qf2 Rc8 18. Nf6+ 1-0

[Event "exe Slovakia Open 2025"]
[Site "Bratislava SVK"]
[Date "2025.09.18"]
[Round "6.55"]
[White "Krivosik, Matus"]
[Black "Skrinar, Marek"]
[Result "1/2-1/2"]
[WhiteElo "1838"]
[BlackElo "1956"]
[WhiteFideId "73619671"]
[BlackFideId "14940710"]
[EventDate "2025.09.13"]

1. d4 Nf6 2. Nf3 b6 3. c4 Bb7 4. g3 e6 5. Bg2 Bb4+ 6. Bd2 a5 7. a3 Be7 8. Nc3
Ne4 9. Nxe4 Bxe4 10. O-O Qc8 11. Ne1 Bxg2 12. Nxg2 Qb7 13. Qc2 O-O 14. e4 f5 15.
e5 c5 16. dxc5 Bxc5 17. Be3 Nc6 18. Qc3 Qc7 19. f4 a4 20. Rfd1 Rfd8 21. Ne1 Na5
22. Nc2 Bxe3+ 23. Nxe3 Nb3 24. Rab1 Qc5 25. Rd3 Kf7 26. Rbd1 Ra7 27. Qb4 h6 28.
Kf2 Ke7 29. Rd6 b5 30. Qxb5 Qxb5 31. cxb5 Rb7 32. b6 Nc5 33. R6d4 Rxb6 34. Nc4
Rb5 35. Ke3 Rb3+ 36. Kd2 Rdb8 37. Kc2 g5 38. R1d2 g4 39. Rd1 Rf3 40. R1d2 Rfb3
41. Kb1 h5 42. Rc2 Rd3 43. Rxd3 Nxd3 44. h4 Nc5 45. Nd6 Ne4 46. Nxe4 fxe4 47.
Rc3 Rb7 48. Kc2 d5 49. exd6+ Kxd6 50. b4 axb3+ 51. Rxb3 Ra7 52. Kd2 Ra5 53. Ke3
Kd5 54. Rc3 1/2-1/2

[Event "exe Slovakia Open 2025"]
[Site "Bratislava SVK"]
[Date "2025.09.18"]
[Round "6.56"]
[White "Bednar, Daniel"]
[Black "Mandak, Miroslav"]
[Result "0-1"]
[WhiteElo "1764"]
[BlackElo "1947"]
[WhiteFideId "14989620"]
[BlackFideId "14902990"]
[EventDate "2025.09.13"]

1. e4 c5 2. Nc3 Nc6 3. g3 d6 4. Bg2 Rb8 5. a4 g6 6. d3 Bg7 7. Be3 e6 8. Qd2 a6
9. Nge2 Nd4 10. O-O b5 11. axb5 axb5 12. Bxd4 cxd4 13. Na2 Ne7 14. Nb4 O-O 15.
c3 dxc3 16. bxc3 Bb7 17. f4 Qb6+ 18. Kh1 Rfc8 19. g4 Nc6 20. Rab1 Nxb4 21. Rxb4
Qa7 22. Qb2 Bc6 23. f5 e5 24. f6 Bf8 25. Qd2 Qd7 26. g5 Ra8 27. Rf3 Ra1+ 28. Ng1
Qa7 29. Qf2 d5 30. Qxa7 Rxa7 31. Rb3 dxe4 32. dxe4 Ra1 33. Rf1 Rca8 34. Rbb1
R1a2 35. Nh3 h6 36. gxh6 Bxh6 37. Rf2 Rxf2 38. Nxf2 Ra2 39. Nd1 Rxg2 40. Kxg2
Bxe4+ 0-1

[Event "exe Slovakia Open 2025"]
[Site "Bratislava SVK"]
[Date "2025.09.18"]
[Round "6.57"]
[White "Korenova, Simona"]
[Black "Jancura, Andrej"]
[Result "1-0"]
[WhiteElo "1905"]
[BlackElo "1852"]
[WhiteFideId "14941813"]
[BlackFideId "14923629"]
[EventDate "2025.09.13"]

1. d4 Nf6 2. c4 c5 3. d5 d6 4. Nc3 g6 5. Nf3 Bg7 6. Nd2 e5 7. e4 O-O 8. Be2 Na6
9. O-O Nc7 10. Rb1 a6 11. b4 cxb4 12. Rxb4 Nd7 13. Na4 Ne8 14. Qc2 Qc7 15. Qb1
Rb8 16. Nb6 Nxb6 17. Rxb6 Bh6 18. Rd1 f5 19. Ba3 Rf6 20. Qb3 Bxd2 21. Rxd2 fxe4
22. c5 dxc5 23. Rxf6 1-0